02121cam a22003738i 450000100090000000300050000900500170001400600190003100700150005000800410006501000170010602000270012302000300015002000310018003800100021104000230022104200080024405000160025208200200026810000350028824500450032325000380036826000330040626300090043930000090044833600260045733700260048333800360050952009110054556300070145658801030146365500290156677601520159521875306NUST20221018153340.0m |o d | cr |||||||||||210122s2021 nyu o 000 1 eng  a 2021002598 a9781982173630q(ebook) z9781982173616q(hardback) z9781982173623q(paperback) aAzhar aDLCbengcDLCerda apcc00aPS3561.I48300a813.54223bKIN1 aKing, Stephen,d1947-eauthor.10aBilly Summers :ba novel cStephen King. aFirst Scribner hardcover edition. aNew York :bScribner,c2021. a2108 a517p atextbtxt2rdacontent acomputerbc2rdamedia aonline resourcebcr2rdacarrier a"When Billy Summers was twelve years old, He shot and killed his mother's boyfriend after he kicked Billy's sister to death. At 17, he enlisted in the army. At 18, he was a sniper in Iraq and involved in the deadly battle to recapture Fallujah. For nearly twenty years, he's worked as a paid assassin. He's a good guy in a bad job, and he wants out. He takes on a very complicated, very lucrative job that he hopes will be his last. He's got a perfect new identity lined up and a scrupulously orchestrated, flawless escape plan. And then something happens that changes everything for Billy. A stranger needs rescuing, and Billy sacrifices the safety of his own perfectly devised new life to offer her protection. And then the two of them-the most compelling and surprising duo in King fiction-set out on one last mission, to rectify the injustices of one extraordinarily evil man"--cProvided by publisher. aHB aDescription based on print version record and CIP data provided by publisher; resource not viewed. 7aSuspense fiction.2gsafd08iPrint version:aKing, Stephen, 1947-tBilly SummersbFirst Scribner hardcover edition.dNew York : Scribner, 2021.z9781982173616w(DLC) 2021002597